La Seguridad privada en Panamá
Сохранить в:
| Соавтор: | |
|---|---|
| Формат: | Текст |
| Опубликовано: |
San José:
Fundación Arias para la Paz y el Progreso Humano
|
| Предметы: | |
| Метки: |
Добавить метку
Нет меток, Требуется 1-ая метка записи!
|
MARC
| LEADER | 00000 a a2200000 04500 | ||
|---|---|---|---|
| 001 | 30789 | ||
| 003 | |||
| 040 | |||
| 020 | |a 9977-17-122-X | ||
| 090 | |a 197306 | ||
| 110 | |a Fundación Arias para la Paz y el Progreso Humano | ||
| 245 | |a La Seguridad privada en Panamá | ||
| 260 | |a San José: |b Fundación Arias para la Paz y el Progreso Humano | ||
| 300 | |a 17 p.; 6 vol | ||
| 650 | |a SEGURIDAD | ||
| 650 | |a POLICIA | ||
| 650 | |a EMPRESAS PRIVADAS | ||
| 650 | |a LEGISLACION | ||
| 650 | |a CAPACITACION | ||
| 650 | |a EMPRESAS | ||
| 650 | |a SEGURIDAD | ||
| 999 | |c 16065 |d 16065 | ||



